01200nam a22002177a 4500003000400000005001700004008004100021040001100062082001400073100002900087245001400116260012900130300002300259490002700282505021400309505027100523650004500794650004400839650005500883650004400938OSt20230516084551.0230516b |||||||| |||| 00| 0 eng d cLado V 2708aK82f aKontova, Helenaeeditora aFlashArt/ aAustraliaaAustriaaBelgicaaCanadaaFranciaaAlemaniaaGran BretañaaHolandaaItaliaaEspañaaIrlandabGEA POLITIc2004 a152p.c20.5x27.5cm a236vXXXVIIx0394-1493 aFlash Art NewstWhiteny Biennale 2nd Auckland Triennale Making Things Manifesta 14th Biennale of Sidney SITE Santa Fe: 5th Biennial At the Galleries Group Shows New York, New York Aperto Geneva Replay aFeaturestNigel Cooke Mummy Piotr Uklanski and Maurizio Francesco Vezzoli Dieter Roth Resulting from Failure Recuperating Revolt Glenn Brown New York Tales Harald Szeemann Swiss Focus Michel Ritter Decosterd and Rahm Zilla Leutenegger Operation Ex Voto 2Tesauro de Arte & ArquitecturaaCATALOGO 2Tesauro de Arte & ArquitecturaaREVISTA 2Tesauro de Arte & ArquitecturaaARTE INTERNACIONAL 2Tesauro de Arte & ArquitecturaaCRITICA